| 000 | 00353nam a2200145Ia 4500 | ||
|---|---|---|---|
| 008 | 230917s9999||||xx |||||||||||||| ||und|| | ||
| 040 |
_e38657 _aMAIN |
||
| 041 | _aEnglish | ||
| 082 | _a823.09 M699S | ||
| 100 | _aMizener, Arthur | ||
| 245 | 0 | _aSense of life in the modern novel | |
| 260 |
_aLondon _bHeinemann _c1963 |
||
| 300 | _a291 p. | ||
| 942 | _cBK | ||
| 999 |
_c80334 _d80334 |
||